Orígenes históricos de Cataluña / José Balari Jovany
Publicado:
San Cugat del Vallés :
Instituto Internacional de Cultura Románica [de la Excma. Diputación Provincial de Barcelona] ,
1964
Descripción Física:
2 v. ; 25 cm
Colección:
Biblioteca Filológica-Historica ; X-XI
MARC
| LEADER | 00000nam a2200000Ia 4500 | ||
|---|---|---|---|
| 001 | 1658, 1659 | ||
| 008 | 160829s1964 xx 000 0 cat d | ||
| 080 | |a H-1-69, H-1-70 | ||
| 100 | |a Balari i Jovany, Josep |9 20400 | ||
| 245 | |a Orígenes históricos de Cataluña / José Balari Jovany | ||
| 250 | |a 2a ed. | ||
| 260 | |a San Cugat del Vallés : |b Instituto Internacional de Cultura Románica [de la Excma. Diputación Provincial de Barcelona], |c 1964 | ||
| 300 | |a 2 v. ; |c 25 cm | ||
| 490 | |a Biblioteca Filológica-Historica ; X-XI | ||
| 650 | |a Cultura catalana |x Origen |9 37704 | ||
| 651 | 0 | |a Catalunya |x Història |y 476-1492, Edat mitjana |9 55929 | |
| 710 | 2 | |a Instituto Internacional de Cultura Románica |9 54313 | |
| 901 | |a Arxiu | ||
| 942 | |n 1 | ||
| 952 | |0 0 |1 0 |4 0 |6 H169_H170 |7 1 |9 48011 |a Arxiu |b Arxiu |d 2016-12-01 |l 0 |o H-1-69, H-1-70 |p 1658, 1659 |r 2016-12-01 00:00:00 |w 2016-12-01 |y ARXIU | ||
| 999 | |c 51812 |d 51812 | ||